Hát kể truyện cổ Raglai
Nội dung của tài liệu: Phần tiếng Raglai; Phần tiếng Việt; Tóm tắt nội dung công trình bằng tiếng Anh
Đã lưu trong:
| Tác giả chính: | |
|---|---|
| Định dạng: | Sách |
| Năm xuất bản: |
H.
Đại học Quốc gia
2010
|
| Chủ đề: | |
| Tags: |
Thêm thẻ
Không có thẻ, Hãy là người đầu tiên gắn thẻ bản ghi này!
|
| LEADER | 00734nam a2200169 4500 | ||
|---|---|---|---|
| 082 | |a 398.209597 |b H110k | ||
| 100 | |a Nguyễn Hải Liên | ||
| 245 | |a Hát kể truyện cổ Raglai |c Nguyễn Hải Liên, Sử Văn Ngọc | ||
| 260 | |a H. |b Đại học Quốc gia |c 2010 | ||
| 300 | |a 390tr. |c 21cm | ||
| 520 | |a Nội dung của tài liệu: Phần tiếng Raglai; Phần tiếng Việt; Tóm tắt nội dung công trình bằng tiếng Anh | ||
| 653 | |a Truyện cổ dân gian Việt Nam | ||
| 653 | |a Văn học dân gian | ||
| 653 | |a Dân tộc Raglai | ||
| 942 | |2 ddc |c SH | ||
| 999 | |c 7668 |d 7668 | ||
| 952 | |0 0 |1 0 |2 ddc |4 0 |6 398_209597000000000_H110K |7 0 |8 300 |9 68504 |a qbu |b qbu |c D2 |d 2015-03-12 |o 398.209597 H110k |p 7837.C1 |r 0000-00-00 |w 2015-03-12 |y SH | ||